201 Great Ideas For Your Small Business (Record no. 594692)

000 -LEADER
fixed length control field 00363nam a22001337a 4500
020 ## - INTERNATIONAL STANDARD BOOK NUMBER
International Standard Book Number 9781576600504
040 ## - CATALOGING SOURCE
Transcribing agency NUST
082 ## - DEWEY DECIMAL CLASSIFICATION NUMBER
Classification number 658.022 APP
100 ## - MAIN ENTRY--PERSONAL NAME
Personal name Applegate, Jane
9 (RLIN) 63808
245 ## - TITLE STATEMENT
Title 201 Great Ideas For Your Small Business
260 ## - PUBLICATION, DISTRIBUTION, ETC.
Place of publication, distribution, etc. Princeton;
Name of publisher, distributor, etc. Bloomberg Press,
Date of publication, distribution, etc. 1998.
650 ## - SUBJECT ADDED ENTRY--TOPICAL TERM
Topical term or geographic name entry element Ideas For Your Small Business
9 (RLIN) 112329
942 ## - ADDED ENTRY ELEMENTS (KOHA)
Source of classification or shelving scheme
Koha item type Book
Holdings
Withdrawn status Lost status Source of classification or shelving scheme Damaged status Not for loan Permanent Location Current Location Shelving location Date acquired Total Checkouts Full call number Barcode Date last seen Price effective from Koha item type
          College of Electrical & Mechanical Engineering (CEME) College of Electrical & Mechanical Engineering (CEME) General Stacks 05/08/2023   658.022 APP CEME-45798 05/08/2023 05/08/2023 Book
© 2023 Central Library, National University of Sciences and Technology. All Rights Reserved.